000 01301cam a22003494a 4500
999 _c128553
_d128553
001 14774337
003 ARRUPE
005 20181116114014.0
008 070319s2006 sa a b 001 0 eng
010 _a 2007363011
020 _a9780702172625
020 _a0702172626
040 _aDLC
_cDLC
_dDLC
050 0 0 _aBD171
_b.H54 2006
082 0 0 _a121
_222
100 1 _aHiggs, Philip,
_d1948-
_943415
245 1 0 _aRethinking truth /
_cPhilip Higgs, Jane Smith.
250 _a2nd ed.
260 _aCape Town, South Africa :
_bJuta & Co. Ltd.,
_c2006.
300 _aiv, 139 p. :
_bill. ;
_c25 cm.
504 _aIncludes bibliographical references (p. 128-131) and index.
650 0 _aTruth.
_943416
650 0 _aTruthfulness and falsehood.
_943417
650 0 _aHonesty.
_943418
650 0 _aReality.
_943419
650 0 _aKnowledge, Theory of.
_943420
700 1 _aSmith, Jane,
_d1956-
_943421
906 _a7
_bcbc
_corignew
_d2
_encip
_f20
_gy-gencatlg
942 _2lcc
_cMONOGRAPH